000
00257nam a22001097a 4500
008
170120b xxu||||| |||| 00| 0 eng d
020
_a
9780323048118
041
_a
eng
080
_2
5TH
_a
618.2
245
_a
TRANSCULTURAL NURSING
_c
GIGER. J.N
942
_2
udc
_c
BK
999
_c
3327
_d
3327